00986cam a2200265 a 45000010009000000050017000090080041000260100017000670200018000840200026001020400018001280430012001460500031001580820025001892450125002142600065003393000039004044900051004435040066004946500038005606500031005986500032006297000025006617000034006861589800820170105102856.0090908s2010 enkab b 001 0 eng  a 2009035634 a9780415778770 a9780203856512 (ebook) aDLCcDLCdDLC aas----- 0aHV603 2004 .S644bT78 201000a363.34/94809549322200aTsunami recovery in Sri Lanka :bethnic and regional dimensions /cedited by Dennis B. McGilvray and Michele R. Gamburd. aMilton Park, Abingdon, Oxon ;aNew York :bRoutledge,c2010. axix, 188 p. :bill., map ;c25 cm.0 aRoutledge contemporary south Asia series ;v27 aIncludes bibliographical references (p. [167]-180) and index. 0aDisaster reliefzAsia, Southeast. 0aTsunamiszAsia, Southeast. 0aIndian Ocean Tsunami, 2004.1 aMcGilvray, Dennis B.1 aGamburd, Michele Ruth,d1965-